| 000 | 00519nam a2200169Ia 4500 | ||
|---|---|---|---|
| 999 |
_c36058 _d36058 |
||
| 003 | OSt | ||
| 005 | 20201116095532.0 | ||
| 008 | 190216s9999||||xx |||||||||||||| ||und|| | ||
| 040 | _coclc | ||
| 082 |
_a421 _bSUB/H |
||
| 100 |
_aSubburaj, V K _96499 |
||
| 245 | 0 |
_aHand Book Of Official Correspondence / _cV K Subburaj |
|
| 260 |
_bSura College Of Competition, _c1991. _aMadras: |
||
| 300 | _a209p | ||
| 650 | _aHand Book Of Official Correspondence | ||
| 942 |
_cREF _2ddc _h421 _iSUB/H _k421 _mSUB/H |
||